000 00438nam a22001457a 4500
999 _c3752
_d3752
008 200629b ||||| |||| 00| 0 eng d
082 0 0 _a387.5448
_bI17
110 _92796
_aInstitute of Chartered Shipbrokers
245 1 0 _aShip to Ship Transfer Guide (Petroleum) /
_cby Institute of Chartered Shipbrokers
250 _a1st ed.
260 _aLondon
_bWhitherby & Co
_c1973
300 _a.
650 0 _aPetroleum
_xTransportation
942 _cBK